Sử dụng, bảo trì và sửa chữa thông thường thiết bị điện gia đình

Bewaard in:
Bibliografische gegevens
Hoofdauteur: Nguyễn Duy Lương
Formaat: Boek
Taal:Undetermined
Gepubliceerd in: Tp.HCM Tp.HCM 1980
Onderwerpen:
Tags: Voeg label toe
Geen labels, Wees de eerste die dit record labelt!
Thư viện lưu trữ: Trung tâm Học liệu Trường Đại học Cần Thơ
LEADER 00594nam a2200169Ia 4500
001 CTU_17790
008 210402s9999 xx 000 0 und d
082 |a 621.3028 
082 |b S550 
100 |a Nguyễn Duy Lương 
245 0 |a Sử dụng, bảo trì và sửa chữa thông thường thiết bị điện gia đình 
245 0 |c Nguyễn Duy Lương, Lư Công Văn, Phạm Văn Đức 
260 |a Tp.HCM 
260 |b Tp.HCM 
260 |c 1980 
650 |a electric apparatus and appliances 
980 |a Trung tâm Học liệu Trường Đại học Cần Thơ